| 000 | 00527nam a22001697a 4500 | ||
|---|---|---|---|
| 003 | NUST | ||
| 005 | 20260416150245.0 | ||
| 008 | 260416b ||||| |||| 00| 0 eng d | ||
| 020 | _a0-201-00023-7 | ||
| 082 |
_a005.73 _bAHO |
||
| 100 |
_aAlfred V. Aho, John E. Hopcroft, Jeffrey D. Ullman. _9134178 |
||
| 245 |
_aData Structures and Algorithms / _cAlfred V. Aho, John E. Hopcroft, Jeffrey D. Ullman. |
||
| 260 |
_bBell Telephone Laboratories, _c1983. |
||
| 300 |
_a427 p ; _c36.5 cm |
||
| 563 | _aHardcover | ||
| 942 |
_2ddc _cBK |
||
| 999 |
_c617130 _d617130 |
||